000 nam a22 7a 4500
999 _c9841
_d9841
008 180208b ||||| |||| 00| 0 eng d
100 _aJain, G
_95927
245 _aNoble prize winners Medicine
260 _aNew Delhi
_bThree sss Publication
_c2012